| 000 | 00890nam a22002417a 4500 | ||
|---|---|---|---|
| 001 | 49335 | ||
| 003 | BD-RjUL | ||
| 005 | 20211209054651.0 | ||
| 008 | 160820s1970 bg a|||| |||| 00| 0 ben d | ||
| 020 | _c: TK. 2.25 | ||
| 035 | _a(BD-RjUL)49454 | ||
| 040 |
_aBD-RjUL _bben _cBD-RjUL _dBD-RjUL |
||
| 041 | _aben | ||
| 082 |
_223 _a891.73 _bALT 1970 |
||
| 100 |
_aআলী, মোহাম্মদ নাসির _9148166 |
||
| 245 |
_aটলষ্টয়ের সেরা গল্প / _cমোহাম্মদ নাসির আলী |
||
| 250 | _a৩য়-সংস্করণ | ||
| 260 |
_aঢাকা : _bনওরোজ কিতাবিস্তান, _c১৯৭০. |
||
| 300 |
_a১২১ পৃ. : _bচিএ ; _c২৪ সেমি. |
||
| 650 |
_aরাশিয়ান উপন্যাস _9148167 |
||
| 650 |
_aRussian Fiction _9122083 |
||
| 942 |
_2ddc _cBK |
||
| 999 |
_c49335 _d49335 |
||